| 000 | 01188nam a2200181Ia 4500 | ||
|---|---|---|---|
| 008 | 151202s9999||||xx |||||||||||||| ||und|| | ||
| 082 | _bPNVM-76608 | ||
| 100 | _aपाटील मधू | ||
| 245 | _a"ज्ञानपीठ पुरस्कारित प्रतिभा : नाट्यात्म दर्शने - विंदा, कुसुमाग्रज, खांडेकर " | ||
| 260 | _b"राजेंद्र प्रकाशन, महाराजा बिल्डिंग, पहिला मजला, गिरगाव, मुंबई 400004 " | ||
| 260 | _c2015 | ||
| 300 | _a144 | ||
| 600 | _aपाटील मधू | ||
| 630 | _a"ज्ञानपीठ पुरस्कारित प्रतिभा : नाट्यात्म दर्शने - विंदा, कुसुमाग्रज, खांडेकर " | ||
| 700 | _aपाटील मधू | ||
| 730 | _a"ज्ञानपीठ पुरस्कारित प्रतिभा : नाट्यात्म दर्शने - विंदा, कुसुमाग्रज, खांडेकर " | ||
| 942 | _cBOOK | ||
| 999 |
_c1343267 _d1343264 |
||